|
|
|
|
| LEADER |
04301nam a2200541 i 4500 |
| 001 |
mzk03001252938 |
| 003 |
CZ BrMZK |
| 005 |
20180910140130.0 |
| 007 |
ta |
| 008 |
180910s1756 gw fr|||||00| ||latod |
| 040 |
|
|
|a BOA001
|b cze
|e rda
|
| 072 |
|
7 |
|a 27-9
|x Dějiny křesťanské církve
|2 Konspekt
|9 5
|
| 072 |
|
7 |
|a 094
|x Staré tisky
|2 Konspekt
|9 12
|
| 080 |
|
|
|a 27-9
|2 MRF
|
| 080 |
|
|
|a 025.171
|2 MRF
|
| 080 |
|
|
|a (0.068)094
|2 MRF
|
| 100 |
1 |
|
|a Kuen, Michael,
|d 1709-1765
|7 mzk2003197711
|4 aut
|
| 245 |
1 |
0 |
|a COLLECTIO SCRIPTORUM RERUM HISTORICO-MONASTICO-ECCLESIASTICARUM VARIORUM RELIGIOSORUM ORDINUM.
|n TOMUS II,
|p IN QUO CONTINENTUR I. Reverendissimi Abbatis CAROLI STENGELII Monasteriologiae Pars altera II. Donationes & Historia extincti Monasterii Reichenbacensis Ord. S. Benedicti III. Supplementum BRUSCHIANUM IV. JOANNIS BIRCK Tractatus de Monasterio Campidonensi ejusque multiplicibus Privilegiis V. ANDREAE Presbyteri Ratisbonensis Can. Regul. S. Augustini Historiae Fundationum nonnullorum Monasteriorum per Partes Bajoariae VI. AUBERTI MYRAEI Origines Carthusianorum Monasteriorum per Orbem Universum /
|c CURANTE MICHAELE III ad Exemptas Insulas Wengenses Cann. Regg. Ulmae Suevorum Praelato Sacrae Caesareae ac Cathol. Majestatis Consiliario ac Sacellano Perpetuo
|
| 246 |
3 |
0 |
|a IN QUO CONTINENTUR I. Reverendissimi Abbatis CAROLI STENGELII Monasteriologiae Pars altera II. Donationes & Historia extincti Monasterii Reichenbacensis Ord. S. Benedicti III. Supplementum BRUSCHIANUM IV. JOANNIS BIRCK Tractatus de Monasterio Campidonensi ejusque multiplicibus Privilegiis V. ANDREAE Presbyteri Ratisbonensis Can. Regul. S. Augustini Historiae Fundationum nonnullorum Monasteriorum per Partes Bajoariae VI. AUBERTI MYRAEI Origines Carthusianorum Monasteriorum per Orbem Universum
|
| 264 |
|
1 |
|a ULMAE :
|b Sumptibus GAUMIANIS,
|c 1756
|
| 300 |
|
|
|a 12 nečíslovaných stran, 242 stran, 6 nečíslovaných stran ;
|c 2°
|
| 336 |
|
|
|a text
|b txt
|2 rdacontent
|
| 337 |
|
|
|a bez média
|b n
|2 rdamedia
|
| 338 |
|
|
|a svazek
|b nc
|2 rdacarrier
|
| 500 |
|
|
|a Výzdoba: Nad impresem linka anad ní viněta, vlysy, viněty, klišé, linky z typografockých ozdůbek, typografické ozdůbky v záhlaví
|
| 500 |
|
|
|a Rozsah: [12], 242, [16] s.
|
| 501 |
|
|
|a Přívazek k 1. dílu téhož titulu
|
| 650 |
|
7 |
|a církevní dějiny
|7 ph114283
|2 czenas
|
| 650 |
|
7 |
|a benediktini
|7 ph114135
|2 czenas
|
| 650 |
|
7 |
|a historické knihovní fondy
|7 ph172933
|2 czenas
|
| 655 |
|
7 |
|a staré tisky
|7 fd422076
|2 czenas
|
| 700 |
1 |
|
|a Stengel, Carl,
|d 1581-1663
|7 mzk2008486477
|4 oth
|
| 700 |
1 |
|
|a Birck, Joanis
|4 oth
|
| 700 |
1 |
|
|a Myraei, Auberti
|4 oth
|
| 740 |
0 |
2 |
|a TOMI II. PARS I. CAROLI STRNGELII, Ord. S. BENEDICTI ABBATIS ANHUSANI. MONASTERIOLOGIAE BENEDICTINAE PARS ALTERA
|
| 740 |
0 |
2 |
|a TOMI II. PARS II. Compendium historiae et donationum reichenbacensis monasterii Ord. S. Benedicti in confinibus sylvae herciniae et mederni ducatus würtembergici, ex gartulario wiblingano erutae. Communicatum ab A.R. et clarissimo Domino P. Martino Mack, Ordinis S. Benedicti celeberrimi ant. aust. monsterii wiblingensis bibliotehecario
|
| 740 |
0 |
2 |
|a SUPPLEMENTUM BRUSCHIANUM SIVE CENTURIA SECUNDA MANASTERIORUM GERMANIAE QUAM EX CASPARIS BRUSCHII MANUSCRIPTO EDIDIT DANIEL DE NESSEL, J.C. Sac. Caes. Maj. Consiliarius & Bibliothecarius Aulicus
|
| 740 |
0 |
2 |
|a JOANNIS BIRCKII CAMPIDONENSIS SCHOLAE S. HILDEGARDIS LATINAE MAGISTRI TRACTATUS DE MONASTERIO CAMPIDONENSI, ET EJUS MULTIPLICIBUS PRIVILEGIIS. Erutus Ex M. S. Codice insignis Bibliothecae Celeberr. Collegii Polingani CC. RR.in Bavaria; OPERA A. R. & Cl. D. ALDOBRANDI GEBHARD ejusdem Canonicae Capitularis
|
| 740 |
0 |
2 |
|a HISTORIAE FUNDATIONUM NONNULLORUM MONASTERIORUM INSIGNIUM PER PARTES BAJOARIAE AUTHORE ANDREA PRESBYTERO, Ratisbonensi & Can. Regul. S. Augustini ad S. Magnum in Pede pontis
|
| 856 |
4 |
2 |
|u http://books.google.cz/books?vid=NKP:1002594528-001&printsec=frontcover
|y Digitalizovaný dokument
|z Exemplář z Národní knihovny ČR
|
| 903 |
|
|
|a RP
|
| 910 |
|
|
|a NAG950
|b B - XIX. C. aa. 21,1,přív.
|
| 978 |
|
|
|b Gaumius, Johann Friedrich
|a Ulm
|c 1756
|
| 984 |
|
|
|a Ulm
|b Německo
|
| 985 |
|
|
|a 1801-1850
|
| 990 |
|
|
|a BK
|
| 991 |
|
|
|k broumov
|
| 994 |
|
|
|a UP
|l MZK03
|b 001252903
|m přívazek
|n záznam 1. díla (pro objednání pokračujte kliknutím)
|